| 000 | nam a22 7a 4500 | ||
|---|---|---|---|
| 999 |
_c3832 _d3832 |
||
| 005 | 20170524092713.0 | ||
| 008 | 170524b1989 ny ||||| |||| 00| 0 eng d | ||
| 020 |
_a0070259178 : _c$16.95 |
||
| 040 | _aAKMAL | ||
| 082 | _a808.042 HAM | ||
| 090 |
_a808.042 _bHAM |
||
| 100 | 1 |
_aHammond, Eugene. _97571 |
|
| 245 | 1 | 0 |
_aCritical thinking, thoughtful writing / _cEugene R. Hammond. |
| 250 | _a2nd ed. | ||
| 260 |
_aNew York : _bMcGraw-Hill, _cc1989 |
||
| 300 |
_axxii, 370 p. : _bill. ; _c23 cm |
||
| 500 | _aRev. ed. of: Informative writing. c1985. | ||
| 500 | _aIncludes index. | ||
| 504 | _aBibliography: p. 360-363. | ||
| 650 | 0 |
_aEnglish language _xRhetoric _91467 |
|
| 650 | 0 |
_aExposition (Rhetoric) _97572 |
|
| 650 | 0 |
_aCritical thinking _91062 |
|
| 650 | 0 |
_aAcademic writing. _97497 |
|
| 700 | 1 |
_aHammond, Eugene _97571 |
|
| 942 |
_2ddc _cBOOK |
||